00494nam a2200193 a 4500001001300000003000900013005001700022008004100039020001200080082001300092100002500105245002300130260004900153300000900202500003500211505001000246650001900256700002500275nice12345678IN_TiNIC20260116012226.0050524s1978 mica grp 000 0 eng  ac72.5500a230bCHA aChafer, Lewis Sperry aMajor Bible Themes aMichigan bZondervan Publishing House c1978 a374p aincludes index and biblioraphy2 aIndex aBible-Theology1 aChafer, Lewis Sperry